[Event "2nd EUR-ch (w)"]
[Site "Warsaw POL"]
[Date "2001.04.27"]
[Round "6.53"]
[White "Andersson, Christin"]
[Black "Hernandez Estevez, Yudania"]
[Result "1-0"]
[WhiteElo "2115"]
[BlackElo "2265"]
[EventDate "2001.04.21"]
[PlyCount "49"]

1.e4 e5 2.Bc4 Nf6 3.d3 Nc6 4.Nf3 d5 5.exd5 Nxd5 6.O-O Bg4 7.Re1 Be7 8.h3 
Bh5 9.g4 Bg6 10.Nxe5 Nxe5 11.Rxe5 Nb6 12.Qe2 Kf8 13.Be3 Nd7 14.Rb5 Qc8 15.
a4 c6 16.Rb3 h5 17.Nd2 hxg4 18.Qxg4 Rh4 19.Qg3 Ne5 20.Bc5 Rh5 21.Bxe7+ 
Kxe7 22.Re1 Kf6 23.Rxe5 Rxe5 24.Nf3 Rh5 25.Qd6+ 1-0

[Event "2nd EUR-ch (w)"]
[Site "Warsaw POL"]
[Date "2001.04.27"]
[Round "6.54"]
[White "Krivec, Jana"]
[Black "Rantanen, Tanja"]
[Result "1-0"]
[WhiteElo "2265"]
[BlackElo "2149"]
[EventDate "2001.04.21"]
[PlyCount "119"]

1.e4 e5 2.Nc3 Nf6 3.g3 d5 4.exd5 Nxd5 5.Bg2 Nxc3 6.bxc3 Bd6 7.Nf3 O-O 8.
O-O Nd7 9.d3 c6 10.Nd2 Nb6 11.a4 a5 12.Bb2 Be6 13.c4 f6 14.Bc3 Nd7 15.Nb3 
Nc5 16.Nxc5 Bxc5 17.Rb1 Qc7 18.Qe2 Rfe8 19.Rb3 Rab8 20.Rfb1 b5 21.axb5 a4 
22.R3b2 a3 23.b6 Bxb6 24.Rb3 Bc5 25.Qe1 Rxb3 26.cxb3 Qd7 27.b4 Bb6 28.Ra1 
Qxd3 29.c5 Bc7 30.Bxc6 Rd8 31.Rxa3 Bg4 32.Ra8 Bb8 33.Ra1 h5 34.Be4 Qc4 35.
f3 Be6 36.Rc1 Qb3 37.Bc2 Qa2 38.Rd1 Rc8 39.Qd2 Bc7 40.Bf5 Qc4 41.Bxe6+ 
Qxe6 42.Qd7 Qxd7 43.Rxd7 Bb8 44.Bd2 Kh7 45.Be3 f5 46.b5 Kg6 47.c6 Kf6 48.
Ba7 Bc7 49.Kf2 g5 50.Rh7 Kg6 51.Rxc7 Rxc7 52.b6 Rxc6 53.b7 Rc2+ 54.Ke1 Rb2
55.b8=Q Rxb8 56.Bxb8 Kf6 57.h3 Ke6 58.Ke2 Kd5 59.Ke3 Ke6 60.g4 1-0

[Event "2nd EUR-ch (w)"]
[Site "Warsaw POL"]
[Date "2001.04.27"]
[Round "6.55"]
[White "Baklanova, Tatiana"]
[Black "Reszka, Malgorzata"]
[Result "1-0"]
[WhiteElo "2257"]
[BlackElo "2119"]
[EventDate "2001.04.21"]
[PlyCount "69"]

1.d4 g6 2.c4 Bg7 3.Nc3 d6 4.e4 Nc6 5.d5 Nd4 6.Be3 c5 7.Nge2 Qb6 8.Qd2 Bg4 
9.Na4 Qa6 10.Nxd4 Qxa4 11.Nb5 Rc8 12.b3 Qb4 13.Qxb4 cxb4 14.Rc1 a6 15.Nd4 
Nh6 16.f3 Bd7 17.g4 f5 18.exf5 gxf5 19.g5 Nf7 20.f4 Nd8 21.Bd3 Rf8 22.Kf2 
e5 23.dxe6 Bxe6 24.Rhe1 Kd7 25.Rcd1 h6 26.h4 Nc6 27.Nxe6 Kxe6 28.Bc5+ Kd7 
29.Bb1 Rce8 30.Rxd6+ Kc7 31.Rxe8 Rxe8 32.Bxf5 Bd4+ 33.Rxd4 Nxd4 34.Bxd4 
hxg5 35.hxg5 1-0

[Event "2nd EUR-ch (w)"]
[Site "Warsaw POL"]
[Date "2001.04.27"]
[Round "6.56"]
[White "Costagliola, Marina"]
[Black "Tallova, Ivana"]
[Result "1-0"]
[WhiteElo "2254"]
[BlackElo "2108"]
[EventDate "2001.04.21"]
[PlyCount "61"]

1.e4 e5 2.Bc4 Nf6 3.d3 Nc6 4.Nf3 Bc5 5.O-O d6 6.c3 Bb6 7.Bb3 Ne7 8.Re1 O-O
9.Nbd2 c6 10.Nf1 Ng6 11.Ng3 Be6 12.Bc2 Qc7 13.d4 Bg4 14.Be3 h6 15.h3 Bxf3 
16.Qxf3 Nh7 17.Bb3 c5 18.Nf5 c4 19.Bc2 Ng5 20.Qg4 Ne7 21.h4 Nxf5 22.exf5 
exd4 23.cxd4 Nh7 24.Bxh6 f6 25.Re6 Rf7 26.Rae1 Nf8 27.Bd2 Rd8 28.h5 Kh8 
29.R1e3 Nxe6 30.fxe6 f5 31.exf7 1-0

[Event "2nd EUR-ch (w)"]
[Site "Warsaw POL"]
[Date "2001.04.27"]
[Round "6.57"]
[White "Khmiadashvili, Tamara"]
[Black "Szymanowska, Karolina"]
[Result "1-0"]
[WhiteElo "2241"]
[BlackElo "2130"]
[EventDate "2001.04.21"]
[PlyCount "55"]

1.d4 Nf6 2.e3 g6 3.b3 Bg7 4.Bb2 d6 5.Nd2 Nbd7 6.Ngf3 O-O 7.Be2 c6 8.O-O 
Qc7 9.c4 e5 10.Qc2 Kh8 11.Rfd1 Ng8 12.dxe5 dxe5 13.a4 Nc5 14.b4 Ne6 15.a5 
Ne7 16.Ne4 f5 17.Nd6 e4 18.Ne5 Kg8 19.c5 Nd5 20.Bc4 Nxb4 21.Qb3 Nd5 22.
Bxd5 cxd5 23.Qxd5 Qxc5 24.Nxc8 Qxc8 25.a6 bxa6 26.Rdc1 Qe8 27.Rxa6 Rf6 28.
Nd7 1-0

[Event "2nd EUR-ch (w)"]
[Site "Warsaw POL"]
[Date "2001.04.27"]
[Round "6.58"]
[White "Hagesather, Ellen"]
[Black "Krupkova, Petra"]
[Result "0-1"]
[WhiteElo "2093"]
[BlackElo "2249"]
[EventDate "2001.04.21"]
[PlyCount "90"]

1.Nf3 g6 2.g3 Bg7 3.Bg2 c5 4.O-O Nc6 5.d3 d6 6.e4 e5 7.c3 Nge7 8.a3 O-O 9.
b4 h6 10.Be3 b6 11.Qd2 Kh7 12.h4 Be6 13.h5 Qd7 14.Nh4 cxb4 15.axb4 d5 16.
f4 dxe4 17.hxg6+ fxg6 18.Bxe4 Rad8 19.b5 Na5 20.Rxa5 bxa5 21.Bc5 Bf5 22.
Nxf5 gxf5 23.Bc6 Qc7 24.fxe5 Qxe5 25.d4 Qxg3+ 26.Bg2 Rf7 27.Bxa7 f4 28.Rf3
Qg5 29.Bc5 Nd5 30.c4 Ne3 31.d5 Nxg2 32.Qc2+ Kh8 33.Qxg2 Qf5 34.Na3 Be5 35.
Kh1 Rg8 36.Qf1 Qe4 37.Nb1 Rf5 38.Bg1 Rfg5 39.Bh2 Rg2 40.Qd3 Qe1+ 41.Qf1 
Qh4 42.Qxg2 Rxg2 43.Kxg2 Qg4+ 44.Kf2 Bd4+ 45.Ke2 Qg2+ 0-1

[Event "2nd EUR-ch (w)"]
[Site "Warsaw POL"]
[Date "2001.04.27"]
[Round "6.59"]
[White "Sasu-Ducsoara, Andreea"]
[Black "Toma, Katarzyna"]
[Result "0-1"]
[WhiteElo "2240"]
[BlackElo "2101"]
[EventDate "2001.04.21"]
[PlyCount "74"]

1.e4 c5 2.Nf3 Nc6 3.d4 cxd4 4.Nxd4 g6 5.c4 Bg7 6.Be3 Nf6 7.Nc3 Ng4 8.Qxg4 
Nxd4 9.Qd1 Ne6 10.Rc1 Qa5 11.Be2 d6 12.O-O Bd7 13.f4 Bc6 14.Bf3 Nc5 15.a3 
Na4 16.b4 Nxc3 17.Rxc3 Qc7 18.Rc1 O-O 19.a4 b6 20.Rf2 Qb7 21.Qd3 f5 22.
exf5 Rxf5 23.Bg4 Rf6 24.Bd2 e5 25.Rcf1 Raf8 26.Qb3 Kh8 27.Be3 exf4 28.Bd4 
R6f7 29.Be6 Bxd4 30.Bxf7 Qxf7 31.Kh1 Bxf2 32.Rxf2 f3 33.Kg1 Qf6 34.h3 Qa1+
35.Kh2 Qe5+ 36.Kg1 Qe1+ 37.Rf1 f2+ 0-1

[Event "2nd EUR-ch (w)"]
[Site "Warsaw POL"]
[Date "2001.04.27"]
[Round "6.60"]
[White "Sosnowska, Elzbieta"]
[Black "Dolzhikova, Olga"]
[Result "1/2-1/2"]
[WhiteElo "2095"]
[BlackElo "2229"]
[EventDate "2001.04.21"]
[PlyCount "81"]

1.e4 Nf6 2.e5 Nd5 3.c4 Nb6 4.d4 d6 5.exd6 exd6 6.Be3 Nc6 7.Nf3 Be7 8.h3 
Bf5 9.Nc3 O-O 10.Be2 Bf6 11.b3 Re8 12.O-O d5 13.c5 Nc8 14.a3 h6 15.b4 a6 
16.Qb3 N8e7 17.Rfd1 Be4 18.Ne5 Nxe5 19.Nxe4 Nd7 20.Ng3 Bh4 21.Nh5 c6 22.
Bf3 Nf5 23.Bf4 g6 24.Ng3 Bxg3 25.fxg3 Qf6 26.Qd3 g5 27.Bg4 Re4 28.Bc7 h5 
29.Bxh5 Qxd4+ 30.Qxd4 Nxd4 31.Rf1 f5 32.Bg6 Rf8 33.g4 Kg7 34.Bxf5 Nxf5 35.
gxf5 Rfe8 36.Rf3 Re2 37.Raf1 Nf6 38.R1f2 Re1+ 39.Rf1 R1e2 40.R1f2 Re1+ 41.
Rf1 1/2-1/2

[Event "2nd EUR-ch (w)"]
[Site "Warsaw POL"]
[Date "2001.04.27"]
[Round "6.63"]
[White "Matras, Agnieszka"]
[Black "Baskite, Viktoria"]
[Result "1-0"]
[WhiteElo "2220"]
[BlackElo "2073"]
[EventDate "2001.04.21"]
[PlyCount "55"]

1.e4 e6 2.d4 d5 3.Nd2 dxe4 4.Nxe4 Nf6 5.Nxf6+ gxf6 6.Nf3 c5 7.Be3 Qb6 8.
Be2 Nc6 9.O-O cxd4 10.Nxd4 Bc5 11.Nb5 Ke7 12.Qd3 Bd7 13.Rad1 Ne5 14.Qb3 
Bc6 15.Qc3 Bxe3 16.fxe3 Bd5 17.Qa3+ Ke8 18.c4 Bxg2 19.Kxg2 Rg8+ 20.Kf2 Qc6
21.Nd6+ Kd7 22.Nxb7+ Kc8 23.Nd6+ Kc7 24.Nb5+ Kb7 25.Qe7+ Kc8 26.Ke1 Qb6 
27.c5 Qa5+ 28.Rd2 1-0

[Event "2nd EUR-ch (w)"]
[Site "Warsaw POL"]
[Date "2001.04.27"]
[Round "6.66"]
[White "Hlgatian, Goar"]
[Black "Apanaviciute, Kristina"]
[Result "1/2-1/2"]
[WhiteElo "2258"]
[BlackElo "2019"]
[EventDate "2001.04.21"]
[PlyCount "80"]

1.e4 e5 2.Nf3 Nf6 3.Nxe5 d6 4.Nf3 Nxe4 5.d4 d5 6.Bd3 Nc6 7.O-O Be7 8.Re1 
Bg4 9.c4 Nf6 10.cxd5 Qxd5 11.Nc3 Bxf3 12.Nxd5 Bxd1 13.Nxc7+ Kd7 14.d5 Nd4 
15.Bf4 Bg4 16.Nxa8 Rxa8 17.h3 Bf5 18.d6 Bf8 19.Rac1 Rc8 20.Rxc8 Kxc8 21.
Bxf5+ Nxf5 22.g4 Nxd6 23.Bxd6 Bxd6 24.g5 Nd7 25.Re8+ Kc7 26.h4 Nf8 27.Kg2 
Ng6 28.Kh3 Nf4+ 29.Kg4 Nd3 30.Rh8 Nxf2+ 31.Kf3 Nd3 32.Rxh7 Ne5+ 33.Ke4 g6 
34.Kd5 Kd7 35.h5 gxh5 36.Rxh5 Ng6 37.Ke4 Ke6 38.Rh3 Ne5 39.Rh6+ Ng6 40.Rh3
Ne5 1/2-1/2

[Event "2nd EUR-ch (w)"]
[Site "Warsaw POL"]
[Date "2001.04.27"]
[Round "6.67"]
[White "Milligan, Helen"]
[Black "Erenska, Hanna"]
[Result "1/2-1/2"]
[WhiteElo "2124"]
[BlackElo "2246"]
[EventDate "2001.04.21"]
[PlyCount "49"]

1.e4 c5 2.Nf3 a6 3.c4 e6 4.Nc3 d6 5.d4 cxd4 6.Nxd4 Nf6 7.Be2 b6 8.Be3 Bb7 
9.f3 Be7 10.O-O O-O 11.Qe1 Nbd7 12.Rc1 Rc8 13.b3 Qc7 14.Kh1 Qb8 15.Qf2 Bd8
16.Bd3 Qa8 17.Bb1 Re8 18.Rfd1 Bc7 19.Qh4 Ne5 20.Bg5 Ng6 21.Qf2 Ne7 22.Nde2
Bc6 23.Nd4 Bb7 24.Nde2 Bc6 25.Nd4 1/2-1/2

[Event "2nd EUR-ch (w)"]
[Site "Warsaw POL"]
[Date "2001.04.27"]
[Round "6.68"]
[White "Zawadzka, Magdalena"]
[Black "Georgieva, Liubka"]
[Result "0-1"]
[WhiteElo "2050"]
[BlackElo "2162"]
[EventDate "2001.04.21"]
[PlyCount "134"]

1.e4 e5 2.Nf3 Nc6 3.Bc4 Nf6 4.d3 Be7 5.Nbd2 d6 6.h3 Na5 7.c3 Nxc4 8.Nxc4 
O-O 9.O-O h6 10.Bd2 Re8 11.Nh2 Bf8 12.f4 exf4 13.Bxf4 d5 14.exd5 Nxd5 15.
Qf3 Nxf4 16.Qxf4 Be6 17.Rad1 c6 18.b3 Qg5 19.Qxg5 hxg5 20.Nf3 f6 21.Rde1 
Rad8 22.d4 c5 23.Ncd2 cxd4 24.Nxd4 Bc5 25.Ne4 Bxd4+ 26.cxd4 b6 27.Rd1 Bf7 
28.Ng3 Re3 29.Kf2 Rc3 30.Rfe1 Rd5 31.Rd2 Kf8 32.Ne4 Rc7 33.Kf3 Bh5+ 34.g4 
Bg6 35.Ng3 Rc3+ 36.Re3 Rc1 37.Ne2 Rh1 38.Kg2 Ra1 39.Nc3 Rd7 40.d5 Rc1 41.
Rd4 Rc2+ 42.Kf1 f5 43.Nb5 Rxa2 44.Re6 Bf7 45.gxf5 Ra5 46.Nc3 Rc5 47.Re3 
Bxd5 48.Red3 Rxc3 49.Rxc3 Bg2+ 50.Kxg2 Rxd4 51.Rc7 a5 52.Rc8+ Kf7 53.Rc7+ 
Kg8 54.Rc6 Rb4 55.Rc3 Kf7 56.Kf2 Kf6 57.Ke2 Kxf5 58.Rg3 Kg6 59.Kd2 Kh5 60.
Kc3 Kh4 61.Rd3 g4 62.hxg4 Kxg4 63.Kd2 Rf4 64.Rd6 Rf6 65.Rd3 g5 66.Rd4+ Kh3
67.Rd8 Re6 0-1

[Event "2nd EUR-ch (w)"]
[Site "Warsaw POL"]
[Date "2001.04.27"]
[Round "6.72"]
[White "Pokojska, Daria"]
[Black "Nill, Jessica"]
[Result "0-1"]
[WhiteElo "2037"]
[BlackElo "2263"]
[EventDate "2001.04.21"]
[PlyCount "80"]

1.d4 d5 2.c4 dxc4 3.Nf3 Nf6 4.e3 Bg4 5.Bxc4 e6 6.O-O a6 7.Nc3 Nc6 8.Be2 
Bd6 9.Ng5 Bxe2 10.Qxe2 O-O 11.Nge4 Be7 12.b3 e5 13.Nxf6+ Bxf6 14.d5 Ne7 
15.e4 Ng6 16.g3 Qd7 17.Qh5 Ne7 18.Ba3 g6 19.Qf3 Bg7 20.Na4 Rfe8 21.Rfd1 
Nc8 22.Rac1 Nd6 23.Nc5 Qd8 24.Bb2 b6 25.Nd3 f5 26.Nb4 Nxe4 27.Qe2 a5 28.
Nc6 Qd6 29.a3 Ng5 30.Qc4 Nf3+ 31.Kg2 Ng5 32.a4 Nf7 33.Ra1 Qd7 34.Ba3 Nd6 
35.Qc2 f4 36.Rac1 f3+ 37.Kxf3 Qh3 38.Bxd6 cxd6 39.Qe4 Bh6 40.Rc3 Qh5+ 0-1

[Event "2nd EUR-ch (w)"]
[Site "Warsaw POL"]
[Date "2001.04.27"]
[Round "6.77"]
[White "Just, Anita"]
[Black "Winter, Astrid"]
[Result "0-1"]
[WhiteElo "2061"]
[BlackElo "2135"]
[EventDate "2001.04.21"]
[PlyCount "144"]

1.d4 d5 2.Nc3 Nf6 3.Bf4 a6 4.e3 e6 5.Nf3 Nbd7 6.Be2 c5 7.dxc5 Bxc5 8.Ne5 
b5 9.O-O Bb7 10.Bf3 O-O 11.Ne2 Rc8 12.c3 Nxe5 13.Bxe5 Nd7 14.Bg3 Qf6 15.
Nf4 Rfd8 16.Be2 Nf8 17.Nh5 Qe7 18.Bd3 Ng6 19.Qg4 f5 20.Qh3 Rf8 21.Rae1 Bd6
22.Bxd6 Qxd6 23.f4 b4 24.cxb4 Qxb4 25.g4 Qd2 26.Bb1 Ne7 27.Ng3 g6 28.Re2 
Qb4 29.gxf5 exf5 30.a3 Qd6 31.Ba2 Kg7 32.Rd1 Qf6 33.Red2 Rfd8 34.Ne2 Kh8 
35.Nd4 a5 36.Nf3 Kg7 37.Ng5 h6 38.Nf3 Rg8 39.Rg2 Rc7 40.Ne5 Rh8 41.Qg3 
Rhc8 42.h4 d4 43.Re2 Rc1 44.Rde1 Rxe1+ 45.Qxe1 dxe3 46.Rxe3 Rc2 47.Nf3 Qb6
48.Kh1 Be4 49.Bb3 Rc7 50.Kh2 Ng8 51.Ne5 Nf6 52.Qg1 Nd7 53.Nc4 Qf6 54.Qf2 
Nc5 55.Ba2 Nd3 56.Qg3 Nxb2 57.Ne5 Rc2+ 58.Kg1 Rg2+ 59.Qxg2 Bxg2 60.Kxg2 
Qxh4 61.Rg3 g5 62.fxg5 hxg5 63.Nf3 Qe4 64.Rxg5+ Kf6 65.Rg3 f4 66.Rh3 Qe2+ 
67.Kh1 Nd3 68.Ng1 Nf2+ 69.Kh2 Ng4+ 70.Kh1 Qxa2 71.Rh7 Qd5+ 72.Nf3 Qxf3+ 
0-1

[Event "2nd EUR-ch (w)"]
[Site "Warsaw POL"]
[Date "2001.04.27"]
[Round "6.78"]
[White "Grigoryan, Meri"]
[Black "Ornstein, Petra"]
[Result "1/2-1/2"]
[WhiteElo "2052"]
[BlackElo "2035"]
[EventDate "2001.04.21"]
[PlyCount "87"]

1.e4 d6 2.Nc3 Nf6 3.f4 g6 4.Nf3 Bg7 5.Bc4 Nxe4 6.Bxf7+ Kxf7 7.Nxe4 Rf8 8.
O-O Kg8 9.d4 c6 10.c3 Qc7 11.Qe1 e6 12.Neg5 Qe7 13.Qg3 Nd7 14.Bd2 Nf6 15.
Rae1 Nh5 16.Qh4 Bf6 17.g4 Bxg5 18.Nxg5 Nf6 19.f5 gxf5 20.gxf5 e5 21.Kh1 
Kh8 22.Ne4 Qf7 23.Nxf6 Qxf6 24.Qxf6+ Rxf6 25.dxe5 dxe5 26.Rxe5 Bd7 27.Bg5 
Rf7 28.f6 Rg8 29.Bh6 Rg4 30.Bg7+ Kg8 31.Rfe1 h6 32.Rh5 c5 33.h4 Bc6+ 34.
Kh2 Rg2+ 35.Kh3 Rd7 36.Bxh6 Rd3+ 37.Re3 Rdd2 38.Rg3+ Rxg3+ 39.Kxg3 Rxb2 
40.Rxc5 Rxa2 41.Re5 Rg2+ 42.Kf4 Rf2+ 43.Kg5 Rg2+ 44.Kf4 1/2-1/2

[Event "2nd EUR-ch (w)"]
[Site "Warsaw POL"]
[Date "2001.04.29"]
[Round "7.2"]
[White "Arakhamia-Grant, Ketevan"]
[Black "Skripchenko-Lautier, Almira"]
[Result "1/2-1/2"]
[WhiteElo "2427"]
[BlackElo "2441"]
[EventDate "2001.04.21"]
[PlyCount "80"]

1.e4 c5 2.Nf3 Nc6 3.d4 cxd4 4.Nxd4 Qc7 5.Nc3 e6 6.Be3 Nf6 7.Qd2 a6 8.O-O-O
Bb4 9.f3 d5 10.a3 Bd6 11.Nb3 Ne7 12.g4 h6 13.Kb1 Be5 14.Ne2 Bd7 15.Bg2 Qc8
16.f4 Bc7 17.exd5 Nfxd5 18.Bd4 Bb5 19.Bxg7 Rg8 20.Be5 Bxe5 21.fxe5 Rxg4 
22.Bxd5 Nxd5 23.Rhg1 Bxe2 24.Qxe2 Rxg1 25.Rxg1 Ne7 26.h4 Qc7 27.h5 O-O-O 
28.Nd2 Nf5 29.Nf3 Kb8 30.Qe4 Qc5 31.c3 Ne3 32.Ka2 Nf5 33.Rg2 Rd1 34.Rd2 
Rxd2 35.Nxd2 Ng3 36.Qf4 Nxh5 37.Qxh6 Qxe5 38.Qf8+ Ka7 39.Qxf7 Qf5 40.Qd7 
Qd5+ 1/2-1/2

[Event "2nd EUR-ch (w)"]
[Site "Warsaw POL"]
[Date "2001.04.29"]
[Round "7.7"]
[White "Foisor, Cristina"]
[Black "Danielian, Elina"]
[Result "1/2-1/2"]
[WhiteElo "2408"]
[BlackElo "2369"]
[EventDate "2001.04.21"]
[PlyCount "94"]

1.c4 c5 2.Nf3 Nc6 3.d4 cxd4 4.Nxd4 g6 5.e4 Bg7 6.Be3 Nf6 7.Nc3 Ng4 8.Qxg4 
Nxd4 9.Qd1 Nc6 10.Qd2 O-O 11.Be2 d6 12.Rc1 Be6 13.O-O Rc8 14.Nd5 b6 15.b3 
Qd7 16.Rfe1 Rfd8 17.f4 f6 18.Bd3 Bf7 19.Bb1 e6 20.Nc3 Ne7 21.Qf2 d5 22.
exd5 exd5 23.Rcd1 f5 24.Bd4 Bxd4 25.Qxd4 Nc6 26.Qf6 d4 27.Ne2 Qd6 28.Qxd6 
Rxd6 29.Rd2 a5 30.Red1 Rcd8 31.Kf2 a4 32.Ng1 axb3 33.axb3 Kg7 34.Nf3 Kf6 
35.h3 Be6 36.g3 h6 37.Bc2 Ra8 38.Nxd4 Nxd4 39.Rxd4 Rxd4 40.Rxd4 Ra2 41.Rd2
b5 42.cxb5 Bxb3 43.b6 Bxc2 44.b7 Rb2 45.b8=Q Rxb8 46.Rxc2 Rb6 47.Rc3 g5 
1/2-1/2

[Event "2nd EUR-ch (w)"]
[Site "Warsaw POL"]
[Date "2001.04.29"]
[Round "7.9"]
[White "Vasylevich, Tatiana"]
[Black "Mkrtchian, Lilit"]
[Result "1/2-1/2"]
[WhiteElo "2438"]
[BlackElo "2344"]
[EventDate "2001.04.21"]
[PlyCount "82"]

1.d4 d5 2.c4 e6 3.Nc3 Be7 4.cxd5 exd5 5.Bf4 c6 6.e3 Bd6 7.Bg3 Ne7 8.Nf3 
O-O 9.Be2 Re8 10.O-O a5 11.Rc1 Nf5 12.Qb3 Bxg3 13.hxg3 Nd6 14.Na4 Bg4 15.
Rfe1 Nd7 16.Nc5 Rb8 17.Bf1 h5 18.Qa3 Nf8 19.Ne5 Bc8 20.Be2 g6 21.Qb3 Bf5 
22.Qc3 f6 23.Ned3 Ne6 24.Nxe6 Rxe6 25.Nf4 Re7 26.Bd3 Kg7 27.Bxf5 Nxf5 28.
Qd3 Qd7 29.Rc5 Ra8 30.b3 Re4 31.Rec1 Kh6 32.Qd1 Qe8 33.Qd2 g5 34.Ne2 Qd8 
35.Qd3 Nd6 36.R5c2 Kg7 37.Nc3 Re7 38.f3 Qd7 39.Kf2 Rae8 40.Re2 Nf5 41.Rce1
h4 1/2-1/2

[Event "2nd EUR-ch (w)"]
[Site "Warsaw POL"]
[Date "2001.04.29"]
[Round "7.10"]
[White "Kononenko, Tatiana"]
[Black "Galliamova, Alisa"]
[Result "0-1"]
[WhiteElo "2361"]
[BlackElo "2554"]
[EventDate "2001.04.21"]
[PlyCount "65"]

1.d4 Nf6 2.c4 e6 3.Nf3 b6 4.Nc3 Bb7 5.e3 d5 6.cxd5 exd5 7.Bb5+ c6 8.Bd3 
Nbd7 9.O-O Be7 10.b3 O-O 11.Bb2 c5 12.dxc5 bxc5 13.Qe2 a6 14.Rfd1 Re8 15.
Na4 Bd6 16.Ba3 Qe7 17.Re1 Ne4 18.Nd2 Ng5 19.Rac1 Ne6 20.Qd1 Qg5 21.Bf1 d4 
22.Nf3 Qh6 23.h3 Rad8 24.Nb2 Bb8 25.Nd3 Nb6 26.e4 Nf4 27.Bxc5 Bxe4 28.Bxb6
Qxb6 29.Nxf4 Bxf4 30.Rc4 Bb8 31.Rxd4 f5 32.Bc4+ Kh8 33.Ng5 0-1

[Event "2nd EUR-ch (w)"]
[Site "Warsaw POL"]
[Date "2001.04.29"]
[Round "7.11"]
[White "Dworakowska, Joanna"]
[Black "Peptan, Corina-Isabela"]
[Result "0-1"]
[WhiteElo "2360"]
[BlackElo "2461"]
[EventDate "2001.04.21"]
[PlyCount "91"]

1.e4 c5 2.Nf3 Nc6 3.d4 cxd4 4.Nxd4 Nf6 5.Nc3 d6 6.Bg5 e6 7.Qd2 a6 8.O-O-O 
Bd7 9.f3 Be7 10.h4 h6 11.Be3 h5 12.Kb1 Ne5 13.f4 Neg4 14.Bg1 b5 15.Bd3 Qc7
16.f5 e5 17.Nb3 b4 18.Ne2 d5 19.Ng3 d4 20.Be2 a5 21.Nc1 Bc6 22.Bf3 g6 23.
fxg6 fxg6 24.Nd3 O-O 25.Nxh5 gxh5 26.Qg5+ Kh7 27.Bxg4 hxg4 28.Nxe5 Bxe4 
29.Bxd4 Rg8 30.Qf4 Rad8 31.Rhe1 b3 32.axb3 Qxc2+ 33.Ka1 Qxb3 34.Rxe4 Qxd1+
35.Ka2 Qa4+ 36.Kb1 Qd1+ 37.Ka2 Qa4+ 38.Kb1 Rg7 39.Qf5+ Kh8 40.Qe6 Kh7 41.
Qf5+ Kg8 42.Qe6+ Kh8 43.b3 Qb5 44.Nf7+ Rxf7 45.Qxf7 Qf1+ 46.Kc2 0-1

[Event "2nd EUR-ch (w)"]
[Site "Warsaw POL"]
[Date "2001.04.29"]
[Round "7.12"]
[White "Socko, Monika"]
[Black "Khurtsidze, Nino"]
[Result "0-1"]
[WhiteElo "2351"]
[BlackElo "2456"]
[EventDate "2001.04.21"]
[PlyCount "74"]

1.d4 Nf6 2.c4 e6 3.Nc3 Bb4 4.Qc2 c5 5.dxc5 Bxc5 6.Nf3 a6 7.a3 b6 8.Bg5 Be7
9.e4 d6 10.Be2 Bb7 11.O-O Nbd7 12.Rad1 Qc7 13.Nd4 Rc8 14.f4 h6 15.Bh4 g5 
16.fxg5 hxg5 17.Bxg5 d5 18.e5 dxc4 19.Bf3 Bxf3 20.Nxf3 Nxe5 21.Nxe5 Qxe5 
22.Bf4 Qc5+ 23.Kh1 Qc6 24.Rf3 b5 25.Be5 Rh6 26.Rg3 Rd8 27.Re1 Rd3 28.Rg7 
Kf8 29.Rg5 Rh7 30.Qf2 Nd7 31.Ne4 Nxe5 32.Rxe5 Bh4 33.Qf1 Bxe1 34.Ng5 Rg7 
35.Nxe6+ Kg8 36.Nxg7 Bh4 37.Nf5 Bf6 0-1

[Event "2nd EUR-ch (w)"]
[Site "Warsaw POL"]
[Date "2001.04.29"]
[Round "7.13"]
[White "Matveeva, Svetlana"]
[Black "Radziewicz, Iweta"]
[Result "0-1"]
[WhiteElo "2430"]
[BlackElo "2345"]
[EventDate "2001.04.21"]
[PlyCount "128"]

1.d4 Nf6 2.c4 c5 3.d5 d6 4.Nc3 g6 5.e4 Bg7 6.Nf3 O-O 7.h3 e6 8.Bd3 Na6 9.
O-O e5 10.Bg5 h6 11.Be3 Nh7 12.Qc1 f5 13.Bxh6 f4 14.Bxg7 Kxg7 15.Rd1 Ng5 
16.Be2 Rh8 17.Kf1 Bxh3 18.gxh3 Rxh3 19.Ng1 Rh1 20.Bg4 f3 21.a3 Qf6 22.Rd3 
Rah8 23.Qe3 Nh3 24.Bxh3 R8xh3 25.Rad1 Nb8 26.Ke1 Rxg1+ 27.Kd2 Rxd1+ 28.
Kxd1 a6 29.Kc2 Nd7 30.Rd1 Qf4 31.Kd3 Rh2 32.Rg1 Rg2 33.Rf1 g5 34.Qe1 g4 
35.Rh1 Nf6 36.Nd1 g3 37.Rf1 gxf2 38.Nxf2 Ng4 39.Nxg4 Re2 40.Qxe2 fxe2 41.
Rxf4 e1=Q 42.Rf3 Qd1+ 43.Ke3 Qg1+ 44.Nf2 Qc1+ 45.Ke2 Qxb2+ 46.Kf1 Qc1+ 47.
Kg2 Qxc4 48.Rg3+ Kf7 49.Rf3+ Ke7 50.Rh3 Qb5 51.Rh7+ Kd8 52.Rh6 Kc7 53.Rh7+
Kb8 54.Rh8+ Ka7 55.Rd8 Qb6 56.Rc8 Qb2 57.a4 a5 58.Rc7 Qa2 59.Rd7 c4 60.
Rxd6 c3 61.Rd8 c2 62.Rc8 Qb2 63.d6 c1=Q 64.d7 Qxf2+ 0-1

[Event "2nd EUR-ch (w)"]
[Site "Warsaw POL"]
[Date "2001.04.29"]
[Round "7.14"]
[White "Ionescu-Brandis, Irina"]
[Black "Stepovaya-Dianchenko, Tatiana"]
[Result "1/2-1/2"]
[WhiteElo "2339"]
[BlackElo "2440"]
[EventDate "2001.04.21"]
[PlyCount "66"]

1.e4 c5 2.Nf3 e6 3.d3 Nc6 4.g3 d5 5.Nbd2 Bd6 6.Bg2 Nge7 7.O-O O-O 8.c3 Bd7
9.Re1 Qc7 10.a3 b5 11.Qe2 f6 12.b4 cxb4 13.cxb4 d4 14.Nb3 e5 15.Bd2 Be6 
16.Rab1 a6 17.Rec1 Qd7 18.Nc5 Bxc5 19.Rxc5 Rfc8 20.Rbc1 Nd8 21.Rxc8 Nxc8 
22.Ne1 Nb6 23.f4 Nc6 24.Nf3 Rc8 25.Qd1 Na4 26.fxe5 Nxe5 27.Rxc8+ Qxc8 28.
Nxe5 fxe5 29.Qh5 Qb8 30.Bh3 Bxh3 31.Qxh3 Qe8 32.Qg4 Nb2 33.Bh6 g6 1/2-1/2

[Event "2nd EUR-ch (w)"]
[Site "Warsaw POL"]
[Date "2001.04.29"]
[Round "7.16"]
[White "Hunt, Harriet"]
[Black "Lagvilava, Genrieta"]
[Result "0-1"]
[WhiteElo "2426"]
[BlackElo "2300"]
[EventDate "2001.04.21"]
[PlyCount "80"]

1.e4 c6 2.d4 d5 3.e5 c5 4.dxc5 e6 5.Qg4 h5 6.Qg3 Nh6 7.Bd3 Nc6 8.c3 Qc7 9.
Bxh6 gxh6 10.Nf3 Bd7 11.Na3 Bxc5 12.Nb5 Qb6 13.O-O O-O-O 14.b4 Be7 15.a4 
Rdg8 16.Qh3 Rg4 17.a5 Qd8 18.Qxh5 Rhg8 19.g3 f5 20.a6 b6 21.Rac1 Qf8 22.c4
d4 23.c5 bxc5 24.bxc5 Bxc5 25.Rc4 Kd8 26.Rfc1 f4 27.Kg2 fxg3 28.fxg3 Nb4 
29.Rxb4 Bxb4 30.Nbxd4 Qf4 31.Ne2 Qe3 32.Rd1 Ke7 33.Nh4 Be8 34.Nf5+ exf5 
35.Qxf5 Bc6+ 36.Kh3 Qg5 37.Qxg5+ R4xg5 38.Nf4 Rxe5 39.Ng6+ Rxg6 40.Bxg6 
Kf6 0-1

[Event "2nd EUR-ch (w)"]
[Site "Warsaw POL"]
[Date "2001.04.29"]
[Round "7.17"]
[White "Reizniece, Dana"]
[Black "Galianina-Ryanova, Yulia"]
[Result "1-0"]
[WhiteElo "2301"]
[BlackElo "2389"]
[EventDate "2001.04.21"]
[PlyCount "117"]

1.c4 c5 2.Nf3 Nc6 3.Nc3 g6 4.g3 Bg7 5.Bg2 e5 6.a3 d6 7.b4 e4 8.Ng1 f5 9.
Bb2 Nge7 10.Rb1 O-O 11.Nh3 cxb4 12.axb4 Nxb4 13.Nxe4 Bxb2 14.Rxb2 Qb6 15.
Qb3 Nd3+ 16.exd3 fxe4 17.O-O Qxb3 18.Rxb3 exd3 19.Rxd3 Bxh3 20.Bxh3 Rfd8 
21.Rb1 b6 22.Ra3 Nc8 23.Re1 a5 24.Rc3 Kg7 25.Rd3 Ra7 26.Rb1 Kf7 27.Rf3+ 
Kg7 28.Ra3 Kf7 29.d3 Ra6 30.Rab3 Ke7 31.Kf1 Re8 32.Re1+ Kd8 33.Rxe8+ Kxe8 
34.Bxc8 Ra8 35.Bb7 Ra7 36.Rxb6 a4 37.Bc6+ Kd8 38.Bxa4 Rxa4 39.Rxd6+ Ke7 
40.c5 Ra2 41.h4 Rd2 42.d4 Rc2 43.Kg2 Rc3 44.g4 Rd3 45.f3 Rd1 46.Kg3 Rg1+ 
47.Kf4 Rh1 48.Kg5 Rf1 49.f4 Rg1 50.h5 gxh5 51.Kxh5 Rf1 52.Kg5 Rd1 53.f5 
Rd3 54.f6+ Kf7 55.Rd7+ Ke8 56.c6 Rc3 57.d5 Rc4 58.Rxh7 Rc5 59.Kg6 1-0

[Event "2nd EUR-ch (w)"]
[Site "Warsaw POL"]
[Date "2001.04.29"]
[Round "7.18"]
[White "Celuskina, Irina"]
[Black "Olarasu, Gabriela"]
[Result "0-1"]
[WhiteElo "2388"]
[BlackElo "2278"]
[EventDate "2001.04.21"]
[PlyCount "158"]

1.c4 c5 2.Nc3 b6 3.e3 Bb7 4.Nf3 e6 5.d4 cxd4 6.exd4 Nf6 7.Be2 Be7 8.O-O 
O-O 9.d5 Bb4 10.Nd4 a6 11.Bf3 Ra7 12.Nc2 Bxc3 13.bxc3 e5 14.a4 d6 15.a5 
Nbd7 16.Be3 Nc5 17.axb6 Qxb6 18.Nb4 Qc7 19.Be2 Nfd7 20.f4 Raa8 21.f5 a5 
22.Nc2 Nb3 23.Ra2 a4 24.Na3 Ba6 25.Qe1 f6 26.Nb5 Bxb5 27.cxb5 Nb6 28.c4 
Rac8 29.Qb4 Nc5 30.Ra3 Qa7 31.g4 Qa5 32.Qb1 Nb3 33.Qe4 Nd2 34.Bxd2 Qxd2 
35.Rb1 Rc5 36.g5 Qxg5+ 37.Rg3 Qf4 38.Qxf4 exf4 39.Rf3 Nxc4 40.Bxc4 Rxc4 
41.b6 Rb8 42.Rd3 Kf7 43.Kf2 g5 44.fxg6+ hxg6 45.Kf3 g5 46.h4 Kg6 47.hxg5 
fxg5 48.Kg4 Rc2 49.b7 Rc7 50.Re1 Rf7 51.Re6+ Rf6 52.Re7 Rbf8 53.Rf3 a3 54.
Rxa3 f3 55.Re1 f2 56.Rf1 Rb8 57.Rb3 Rf7 58.Rb6 Rd7 59.Rxf2 Rbxb7 60.Rxb7 
Rxb7 61.Re2 Rb4+ 62.Kg3 Kf5 63.Re6 Rb6 64.Kf3 g4+ 65.Kg3 Kg5 66.Re4 Rb3+ 
67.Kf2 Rd3 68.Re8 Rxd5 69.Rg8+ Kf4 70.Rg6 Rf5 71.Rg8 d5 72.Re8 d4 73.Rd8 
Ke4+ 74.Ke2 g3 75.Re8+ Re5 76.Rf8 d3+ 77.Kd2 g2 78.Rg8 Kf3 79.Rf8+ Kg4 0-1

[Event "2nd EUR-ch (w)"]
[Site "Warsaw POL"]
[Date "2001.04.29"]
[Round "7.20"]
[White "Sikorova, Olga"]
[Black "Shumiakina, Tatiana"]
[Result "1-0"]
[WhiteElo "2236"]
[BlackElo "2376"]
[EventDate "2001.04.21"]
[PlyCount "117"]

1.e4 c5 2.Nf3 Nc6 3.d4 cxd4 4.Nxd4 Nf6 5.Nc3 e5 6.Ndb5 d6 7.Bg5 a6 8.Na3 
b5 9.Nd5 Be7 10.Bxf6 Bxf6 11.c3 O-O 12.Nc2 Rb8 13.Be2 Bg5 14.O-O a5 15.Qd3
Be6 16.Rfd1 Qd7 17.Qg3 Bd8 18.Nce3 Kh8 19.Rd2 g6 20.Kh1 f5 21.exf5 gxf5 
22.f4 e4 23.Rad1 Qf7 24.Qh3 Ne7 25.a3 Ng6 26.g3 Ne7 27.Qh6 Ng8 28.Qh3 Qa7 
29.Bh5 Qg7 30.Be2 Rb7 31.Qf1 Qd7 32.Nc2 Rb8 33.Nde3 Be7 34.Nd4 b4 35.axb4 
axb4 36.Nxe6 Qxe6 37.Bc4 Qd7 38.cxb4 Rxb4 39.b3 Nf6 40.Qh3 Ng4 41.Nxg4 
fxg4 42.Qg2 e3 43.Re2 Qa7 44.Qe4 Bf6 45.Rxe3 Rb7 46.Rxd6 Re7 47.Re6 Rxe6 
48.Qxe6 Qd4 49.Kg2 Ra8 50.Be2 h5 51.Rd3 Qb2 52.Rd7 Rb8 53.b4 Bg7 54.Rd5 
Bf6 55.Rxh5+ Kg7 56.Qxg4+ Kf8 57.Kh3 Qxb4 58.Qf5 Qb2 59.Bc4 1-0